• 首页
  • 本馆介绍
  • 公告通知
  • 最新文献
  • 馆藏检索
  • 电子资源
  • 读者导购
  • 参考咨询
  • 我的图书馆
  • 登录
  • 详细信息显示
  • 放入我的书架
  • 预约/预借图书
  • 作者相关作品
  • 分类相关作品
  • 丛书相关作品
  • 出版社相关作品

书目信息

  • 表格格式
  • 工作单格式
  • 卡片格式
题名:
环境微生物学
    
 
作者: 乐毅全 , 王士芬 主编
分册:  
出版信息: 北京   化学工业出版社  2005
页数: 244页
开本: 26cm
丛书名:
单 册:
中图分类: X172
科图分类:
主题词: 环境生物学--微生物学--高等学校--教材 , 环境生物学 , 微生物学
电子资源:
ISBN: 7-5025-6566-3
000 01028nam0 2200289 450
001 002838112
005 20070720111833.70
010    @a7-5025-6566-3@dCNY28.00
035    @a002838112
100    @a20050221e20062005em y0chiy0110 ea
101 0  @achi
102    @aCN@b110000
105    @ay z 000yy
106    @ar
200 1  @a环境微生物学@Ahuan jing wei sheng wu xue@f乐毅全,王士芬主编@Fle yi quan, wang shi fen zhu bian
210    @a北京@c化学工业出版社@d2005@h2006重印
215    @a244页@d26cm
300    @a高等学校教材
330    @a本书阐述了与环境工程、市政工程等环境领域有关的微生物及其生命活动规律;从细胞、分子或种群等不同水平上研究环境微生物的形态构造、生理代谢、遗传变异和生态分布等,并从微生物与物质循环的角度叙述了微生物在自然界中的地位和作用。
606 0  @a环境生物学@x微生物学@x高等学校@j教材
606 0  @a环境生物学
606 0  @a微生物学
690    @aX172@v4
701  0 @a乐毅全@Ale yi quan@4主编
701  0 @a王士芬@Awang shi fen@4主编
801  0 @aCN@bNLC@c20070720
905    @dX172@e137@f5
    
    环境微生物学/乐毅全,王士芬主编.-北京:化学工业出版社,2005(2006重印)
    244页;26cm
    高等学校教材
    
    ISBN 7-5025-6566-3:CNY28.00
    本书阐述了与环境工程、市政工程等环境领域有关的微生物及其生命活动规律;从细胞、分子或种群等不同水平上研究环境微生物的形态构造、生理代谢、遗传变异和生态分布等,并从微生物与物质循环的角度叙述了微生物在自然界中的地位和作用。
●
相关链接 在E读中查询图书 在五车中查询图书 在当当中查询图书 在豆瓣中查询图书


正题名:环境微生物学     索取号:X172/137         预约/预借

序号 登录号 条形码 馆藏地/架位号 状态 备注
1 0850067   208500674   第二样本阅览室/ [索取号:X172/137] 在馆    
2 0850068   208500683   第三借阅区/ [索取号:X172/137] 在馆    
3 0850069   208500692   第三借阅区/ [索取号:X172/137] 在馆    
4 0850070   208500709   第三借阅区/ [索取号:X172/137] 在馆    
5 0850071   208500718   第三借阅区/ [索取号:X172/137] 在馆    
唐山师范学院图书馆 欢迎您!
大连网信软件有限公司© 版权所有